Un duc et pair au service de la Révolution (Record no. 73917)

MARC details
000 -LEADER
campo de control de longitud fija 00855nam a2200193 i 4500
001 - NÚMERO DE CONTROL
campo de control 73917
003 - IDENTIFICADOR DE NÚMERO DE CONTROL
campo de control ES-MaACL
005 - FECHA Y HORA DE LA ÚLTIMA TRANSACCIÓN
campo de control 20250620063017.0
007 - CAMPO FIJO DE DESCRIPCIÓN FÍSICA--INFORMACIÓN GENERAL
campo de control de longitud fija t|
008 - DATOS DE LONGITUD FIJA--INFORMACIÓN GENERAL
campo de control de longitud fija 040913s1906 fr ||||1| fre d
100 1# - ENTRADA PRINCIPAL--NOMBRE DE PERSONA
Nombre de persona Biron, Armand-Louis de Gontaut,
Fechas asociadas al nombre 1747-1793
9 (RLIN) 58260
245 13 - MENCIÓN DEL TÍTULO
Título Un duc et pair au service de la Révolution
Resto del título : Le duc de Lauzun (Général Biron) 1791-1792 : correspondance intime, publiée pour la première fois in-extenso sur le manuscrit original des archives historiques du Ministère de la guerre /
Mención de responsabilidad, etc. par le comte de Lort de Sérignan.
260 ## - PUBLICACIÓN, DISTRIBUCIÓN, ETC.
Lugar de publicación, distribución, etc. Paris :
Nombre del editor, distribuidor, etc. Perrin,
Fecha de publicación, distribución, etc. 1906 (
Lugar de fabricación/manufactura Mayenne :
Fabricante Ch. Colin)
300 ## - DESCRIPCIÓN FÍSICA
Extensión 329 p. ;
Dimensiones 20 cm.
651 #4 - PUNTO DE ACCESO ADICIONAL DE MATERIA--NOMBRE GEOGRÁFICO
Nombre geográfico Francia-
Subdivisión general Historia-
Subdivisión cronológica 1789-1799, Revolución
9 (RLIN) 8685
700 1# - ENTRADA AGREGADA--NOMBRE PERSONAL
Nombre de persona Sérignan, Arthur de Lort
Títulos y otros términos asociados al nombre , Comte de.
9 (RLIN) 133097
852 ## - LOCALIZACIÓN
Ubicación ES-MaACL
Número de control de estantería D-1327
Holdings
Estatus retirado Estado de pérdida Estado de daño No para préstamo Biblioteca de origen Biblioteca actual Ubicación en estantería Fecha de adquisición Fuente de adquisición Total de préstamos Signatura topográfica completa Código de barras Visto por última vez Precio de reemplazo Tipo de ítem Koha
        Biblioteca del Ateneo de Madrid Biblioteca del Ateneo de Madrid Sala Valle Inclán 17/01/2008     D-1327 901077373 23/02/2023 23/02/2023 Libro impreso